000 00820nam a22002537a 4500
005 20170123162355.0
010 _aA-845870
020 _c200.00
035 _aA-845870
037 _bCen Lib/Ret
040 _aDPL
_bUR
082 _a840
_bن ن د
100 _aنند کشور وکرم
_9142020
245 _a/ عالمی اردو ادب
_cنند کشور وکرم
246 _aAlmi urdu adab /
_bby Nand Kishore Vikram
260 _aدہلی
_bویٹیو پرنٹ میڈیا
_c1997
270 _aجے.6 کرشن نگر
_bدہلی
_e110051
300 _a399p.
_c21cm(Hb)
650 _aاردو ادب
_vسوانح
_9142021
650 _aسوانح- اردو
_9509
650 _aUrdu Literature
_vBiography
_9142022
650 _aUrdu - Biography
_9511
942 _2ddc
_cUR
_h840
_mن ن د
999 _c109555
_d109555